LIBRARY & INFORMATION CENTRE, KCAET, TAVANUR

ONLINE PUBLIC ACCESS CATALOGUE (OPAC)

New patterns of democracy in India / (Record no. 2289)

MARC details
000 -LEADER
fixed length control field 00393cam a2200145ua 4500
041 ## - LANGUAGE CODE
Language code of text/sound track or separate title eng
082 ## - DEWEY DECIMAL CLASSIFICATION NUMBER
Classification number 328.8043
Item number DEA/ NE
100 ## - MAIN ENTRY--AUTHOR NAME
Personal name Dean Micheles vera, .
245 ## - TITLE STATEMENT
Title New patterns of democracy in India /
260 ## - PUBLICATION, DISTRIBUTION, ETC. (IMPRINT)
Place of publication Cambridge :
Name of publisher Harvard university press ,
Year of publication 1959.
300 ## - PHYSICAL DESCRIPTION
Number of Pages ; .
942 ## - ADDED ENTRY ELEMENTS (KOHA)
Koha item type Books
Holdings
Withdrawn status Lost status Damaged status Home library Current library Date acquired Full call number Accession Number Koha item type
Withdrawn     KAUAET Sanskrit University 07/04/2012 328.8043 621 Books
free website counter